| 000 | 01694pam a2200397 i 4500 | ||
|---|---|---|---|
| 001 | BK0017109334 | ||
| 003 | DLC | ||
| 005 | 20241220165358.0 | ||
| 008 | 150818s2016 nyu c 000 1 eng d | ||
| 010 | _a2015015706 | ||
| 020 |
_a9780062300027 : HRD _c16.99 |
||
| 020 |
_a0062300024 : HRD _c16.99 |
||
| 037 |
_bHarpercollins Childrens Books, Attn Elaine Nealon 53 Glenmaura National Blvd Ste 300, Moosaic, PA, USA, 18507-2132 _nSAN 200-2086 |
||
| 040 |
_aDLC _beng _erda _cDLC _dDLC _dNjBwBT _dIMmBT |
||
| 050 | 0 | 0 |
_aPZ7.K8369 _bCr 2016 |
| 082 | 0 | 0 |
_a[Fic] _223 |
| 092 | _aFIC | ||
| 100 | 1 |
_aKorman, Gordon. _95468 |
|
| 245 | 1 | 0 |
_aCriminal destiny / _cGordon Korman. |
| 250 | _aFirst edition. | ||
| 264 | 1 |
_aNew York, NY : _bBalzer + Bray, an imprint of HarperCollinsPublishers, _c[2016] |
|
| 300 |
_a311 pages ; _c22 cm. |
||
| 336 | _atext | ||
| 337 | _aunmediated | ||
| 338 | _avolume | ||
| 490 | 0 |
_aMasterminds ; _v[2] |
|
| 520 |
_a"A group of kids discovers they were cloned from the DNA of some of the greatest criminal masterminds in history for a sociological experiment, and they must find a way to prove it to the rest of the world"-- _cProvided by publisher. |
||
| 650 | 1 |
_aCloning _vFiction. _95685855 |
|
| 650 | 1 |
_aExperiments _vFiction. _95764513 |
|
| 650 | 1 |
_aCriminals _vFiction. _95695356 |
|
| 650 | 1 |
_aAdventure and adventurers _vFiction. _9102533 |
|
| 650 | 1 | _aMystery and detective stories. | |
| 650 | 7 |
_aJUVENILE FICTION / Action & Adventure / General. _2bisacsh _95675719 |
|
| 650 | 7 |
_aJUVENILE FICTION / Science & Technology. _2bisacsh _95703324 |
|
| 650 | 7 |
_aJUVENILE FICTION / Mysteries & Detective Stories. _2bisacsh _95675882 |
|
| 999 |
_c205158 _d205158 |
||